| 000 | 00507cam a2200193ua 4500 | ||
|---|---|---|---|
| 020 | _c75.00 | ||
| 041 |
_aeng _h |
||
| 082 |
_a631.45 _bBOC/DE |
||
| 100 | _aBocharov, A P . | ||
| 245 |
_aDescription of devices used in study of wind erosion of soils / _cA P Bocharov. _hTextual Documents |
||
| 260 |
_aNew Delhi : _bOxonian Press Pvt Ltd , _c1984. |
||
| 300 | _a90 ; . | ||
| 365 | _a75.00 | ||
| 504 | _a | ||
| 942 | _cBK | ||
| 999 |
_c2682 _d2682 |
||